| 000 | 00625nam a2200193 a 4500 | ||
|---|---|---|---|
| 001 | 3995 | ||
| 005 | 20140414131919.0 | ||
| 008 | 040601s19uu xx 00 eng d | ||
| 020 | _a0-8136-3556-X | ||
| 050 |
_aER _bSt7 1987 |
||
| 100 | _aO'Toole, Mary | ||
| 245 |
_aStone soup : _ban old Irish tale / _cretold by Mary O'Toole; illustrated by Christopher Meadows. |
||
| 260 |
_aHong Kong : _bModern Curriculum, _c1987. |
||
| 300 | _a8 p. : ill. ; cm. | ||
| 520 | _aIt tells about an old man who was cold and hungry and wanted sone food. | ||
| 650 | _aFolklore--Ireland. | ||
| 650 | _aChildren stories. | ||
| 999 |
_c111670 _d111670 |
||